Las Américas

Gespeichert in:
Bibliographische Detailangaben
1. Verfasser: Fernández-Armesto, Felipe (VerfasserIn)
Format: Buch
Sprache:Spanisch
Veröffentlicht: Barcelona Debate 2004
Ausgabe:1a. ed
Schriftenreihe:Breve Historia Universal
Schlagworte:
Tags: Tag hinzufügen
Keine Tags, Fügen Sie den ersten Tag hinzu!

MARC

LEADER 00000nam a2200000 a 4500
001 UCH1904
003 CL-VaPUC
008 090520e20040000SP |||||||||||||||||spa|d
020 |a 8483065835 
082 0 4 |a 980  |b FER  |2 21 
100 0 |a Fernández-Armesto, Felipe  |e author  |9 536513 
245 1 4 |a Las Américas 
250 |a 1a. ed 
300 |a 269 p 
942 |c BK 
945 |d 20090520 00:00:00  |a rbrito 
260 |a Barcelona  |b Debate  |c 2004 
650 0 |a Historia de América  |9 266076 
650 0 |a Colonización  |9 265172 
650 0 |a Independencia   |9 344246 
583 |a last modification  |c 20090520 00:00:00  |k Rodrigo Vera 
490 0 |a Breve Historia Universal 
999 |c 333798  |d 333796 
952 |0 0  |1 0  |4 0  |6 980_000000000000000_FER_2004  |7 0  |8 A  |9 422421  |a BIBHIS  |b BIBHIS  |d 2019-11-22  |i 455096K  |o 980 FER 2004  |p 455096K  |r 2025-01-20  |w 2019-11-22  |y BK  |k HIS